| 000 | 00876nam a2200325 a 4500 | ||
|---|---|---|---|
| 003 | AR-BaBNM | ||
| 005 | 20251128210106.0 | ||
| 008 | 082120s2002 ||||||||||||||000 | spa|| | ||
| 020 | _a84-7432-251-0 | ||
| 040 | _cAR-BaBNM | ||
| 100 | 1 | _aLe Goff, Jacques | |
| 245 | 0 | 0 | _aLos intelectuales en la edad media |
| 260 |
_aBarcelona _bGedisa _c1996 |
||
| 300 | _a170 p. | ||
| 500 | _aCronologĂa p. 149-151 | ||
| 504 | _aBibliografĂa para consultar p. 153-170 | ||
| 650 | 4 | _aHISTORIA MEDIEVAL | |
| 650 | 4 | _aINTELECTUALES | |
| 650 | 4 | _aSOCIOLOGIA POLITICA | |
| 650 | 4 | _aSOCIOLOGIA HISTORICA | |
| 650 | 4 | _aINTELECTUALES | |
| 650 | 4 | _aMONJES | |
| 650 | 4 | _aHISTORIA DE LAS IDEAS | |
| 650 | 4 | _aHISTORIA CULTURAL | |
| 653 | _aHISTORIA DEL PENSAMIENTO | ||
| 653 | _aESCOLASTICA | ||
| 700 | 1 |
_aBixio, Alberto Luis _etraductor |
|
| 942 | _cBK | ||
| 998 | _cMariana | ||
| 999 |
_c14012 _d14012 |
||